| 000 | 00000nam##2200000za#4500 |
| 001 | 9.681567 |
| 003 | CaOODSP |
| 005 | 20250611103644 |
| 007 | ta |
| 008 | 150407|2001||||xxc||||| f|0| 0 fre|d |
| 020 | |a0-662-86064-0 |
| 040 | |aCaOODSP|bfre |
| 043 | |an-cn--- |
| 086 | 1 |aA22-228/2001F |
| 110 | 1 |aCanada. |bAgriculture et agroalimentaire Canada. |
| 245 | 10|aAgriculture: bien plus que la production d'aliments |
| 260 | |aOttawa - Ontario : |bAgriculture et Agroalimentaire Canada |c2001. |
| 300 | |a20p. : |bill. en couleur ; |c22 cm. |
| 563 | |aCouverture souple |
| 590 | |a01-39|b2001-09-28 |
| 691 | 07|aIndustrie agro-alimentaire|2gcpds |
| 691 | 07|aInnovation|2gcpds |
| 775 | 08|tAgriculture: food and much more |w(CaOODSP)9.648251 |
| 776 | 0#|tAgriculture : |w(CaOODSP)9.643467 |
| 986 | |a2084/F |